000 00765nam a2200217Ia 4500
003 GCL
008 140319s9999 xx 000 0 ara d
040 _aGCL /
_cGCL
082 0 4 _aق
_b333.1
_bم ا
100 1 _aمركز الدراسات الاقتصادية الزراعية
245 1 0 _aالارض والفلاح فى مصر: دراسة فى اثار تحرير الزراعة المصرية /
_cمركز الدراسات الاقتصادية الزراعية
700 1 _aجمال محمد صيام
700 1 _aمحمد ابومندور
300 _a312
490 _a100 قصة
_v0
650 0 4 _aمصر
650 0 4 _aالزراعة
650 0 4 _aالعمال الزراعيون
650 0 4 _aالجمعيات الزراعية
942 _2ddc
_cBK
999 _c43872
_d43872